Statistics for Number from 1 to 40 in 15 sec

Click here to take the quiz!

General Stats

  • This quiz has been taken 67 times
  • The average score is 29 of 40

Answer Stats

HintAnswer% Correct
11
100%
1010
100%
22
100%
33
100%
44
100%
55
100%
66
100%
77
100%
88
100%
99
100%
1111
91%
1212
91%
1414
91%
1515
91%
1818
91%
2121
91%
2222
91%
1313
86%
1616
86%
1717
86%
1919
86%
2020
86%
2323
86%
2424
77%
2525
77%
2626
73%
2727
68%
2828
68%
3030
59%
2929
55%
3131
50%
3232
36%
3333
36%
3434
36%
3535
32%
3636
32%
3737
27%
3838
23%
3939
23%
4040
18%

Score Distribution

Percentile by Number Answered

Percent of People with Each Score

Your Score History

You have not taken this quiz